000 01836cam a2200229 4500500
005 20251228052322.0
041 _afre
042 _adc
100 1 0 _aPiettre, Pauline
_eauthor
245 0 0 _aLes Britanniques et les tensions franco-allemandes après la guerre de 1870 : l'exemple de « l'alerte de 1875 »
260 _c2011.
500 _a39
520 _aRésuméAprès la guerre de 1870, les Britanniques, toujours soucieux de l’équilibre européen, observent avec attention les relations franco-allemandes malgré leur « splendide isolement ». Alors qu’ils saluent le relèvement rapide de la France après 1871, ils s’inquiètent des menées de Bismarck qui craint une guerre de revanche française. Au printemps 1875, le chancelier allemand, préoccupé par la révision de la loi militaire française, encourage une campagne de presse hostile. Le gouvernement anglais, poussé par son opinion publique, est contraint de sortir de sa réserve et prend clairement position pour la France ; mais cela n’entame pas pour autant sa politique de non-intervention.Cet épisode montre non seulement à quel point les Britanniques se soucient des tensions franco-allemandes qui sont vives en ces années 1870, mais aussi combien leur attitude vis-à-vis de la France a évolué, car cette dernière n’est désormais plus observée comme une puissante impérialiste et instable.
690 _a« alerte de 1875 »
690 _adiplomatie anglaise
690 _aopinion publique britannique
690 _arelations franco-allemandes
690 _arelations franco-britanniques
690 _aTroisième République
786 0 _nTransversalités | 120 | 4 | 2011-12-01 | p. 111-125 | 1286-9449
856 4 1 _uhttps://shs.cairn.info/revue-transversalites-2011-4-page-111?lang=fr&redirect-ssocas=7080
999 _c1583302
_d1583302